| 000 | 00370nam a22001457a 4500 | ||
|---|---|---|---|
| 003 | SISC | ||
| 005 | 20160602103051.0 | ||
| 008 | 160602b xxu||||| |||| 00| 0 eng d | ||
| 050 |
_aPZ 7 _b.B789 1998 |
||
| 100 | _aBoyd, Donna. | ||
| 245 |
_aThe passion / _cDonna Boyd. |
||
| 260 |
_aNew York : _bHarper Torch, _c1998. |
||
| 300 |
_a400 pages ; _c18 cm. |
||
| 942 |
_2lcc _cBK |
||
| 999 |
_c295569 _d295569 |
||